La Sebastiana, 237

Saved in:
Bibliographic Details
Main Author: Neruda, Pablo (autor)
Format: Book
Language:Spanish
English
Published: Valparaíso Calatambo Producciones 1999
Edition:1a. ed
Subjects:
Tags: Add Tag
No Tags, Be the first to tag this record!

MARC

LEADER 00000nam a2200000 a 4500
001 UCJ7894
003 CL-VaPUC
008 070124e19991208CL |||||||||||||||||spa|d
041 0 7 |a spa  |2 CL-VaPUC 
041 0 7 |a eng  |2 CL-VaPUC 
082 0 4 |a Ch861  |b NER  |2 21 
100 |a Neruda, Pablo  |e autor  |9 306531 
245 1 0 |a La Sebastiana, 237 
250 |a 1a. ed 
300 |a 59 p 
651 0 |a Valparaíso, Chile  |9 261144 
942 |c BK 
945 |d 20070124 00:00:00  |a rinostro 
260 |a Valparaíso  |b Calatambo Producciones  |c 1999 
500 |a Obsequio de la Refinería de Petróleo Con Con, Dirección de Comunicaciones 
500 |a Ilustraciones, excelentes fotografías y reproducciones, conformes con lo señalado en índice 
600 0 7 |a REFINERIA DE PETROLEO CONCON  |2 CL-VaPUC  |9 516371 
600 0 7 |a FUNDACION PABLO NERUDA  |2 CL-VaPUC  |9 516372 
650 0 |a Poesía chilena   |9 268403 
650 7 |a HOMENAJE POETICO  |2 CL-VaPUC  |9 516373 
650 0 |a Ilustraciones  |9 369481 
650 0 |a Historia local  |9 266584 
650 0 |a Iconografía   |9 267998 
583 |a last modification  |c 20070124 00:00:00  |k Rodrigo Vera 
999 |c 323758  |d 323756 
952 |0 0  |1 0  |4 0  |6 CH_861_000000000000000_NER_1999  |7 0  |8 X  |9 403544  |a FDOBUD  |b FDOBUD  |d 2019-11-22  |i 1070045  |o Ch861 NER 1999  |p 1070045  |r 2019-11-22  |w 2019-11-22  |y BK_X  |k BUD